000 00594nam a22002177a 4500
003 UA-OsUOA
001 49029
007 ta
008 20070917b un ||||| |||| 00| 0 ukr d
090 _a821.161.2
_bА11
942 _cBK
040 _aUA-OsUOA
_bukr
_cUA-OsUOA
_dUA-OsUOA
245 _aА було це так...
300 _a125 с.
955 _a3
041 _aukr
080 _a821.161.2
260 _aК.
_bВ-во політичної літератури України
_c1986
650 7 _a82 Література. Літературознавство
_2UDC
999 _c335140
_d335140